Alles mit H - Geografie - Statistiken

Allgemein
  • Dieses Quiz wurde 195 mal gespielt
  • Das Durchschnittsergebnis liegt bei 17 aus 34
Antwortstatistiken
Hint Antwort % Korrekt
Honduras
96%
Deutsche Städte 90 000+ Hamburg
94%
Länder Haiti
92%
Hannover
86%
Gebirge mit den höchsten Bergen der Welt Himalaya
86%
US-Bundesstaat außerhalb der USA gelegen Hawaii
82%
Fluss im Nordosten der USA, auf dem die spektakuläre Notlandungeines Passagierflugzeuges gelang Hudson River
75%
Größte Stadt in Texas am Golf von Mexiko mit wichtigem Hafen und einem Sitz der NASA für das bemannte Raumfahrtprogramm Houston
73%
Helsinki
69%
Mittelgebirge in Deutschland, NI,ST,TH, höchster Berg ist der Brocken Harz
68%
Heidelberg
62%
Hauptstädte Hanoi
61%
Hamm
58%
Gebiet im Nordwesten Schottlands bestehend aus Gebirgen und Mooren,dort wird der schottische Whisky gebrannt Highlands
58%
Fluss im Nordosten Deutschlands, Nebenfluss der Elbe Havel
57%
Hildesheim
54%
Hagen
48%
Herne
47%
Halle (Saale)
46%
Havanna
46%
Heilbronn
44%
Ägyptischer Badeort am Roten Meer, beliebt zum Tauchen Hurghada
44%
einer der fünf großen Seen Nordamerikas Huronsee
43%
Hanau
36%
Mittelgebirge in Deutschland in RP, höchster Berg ist der Erbeskopf Hunsrück
36%
Harare
29%
Gebirge in Zentralasien, Afghanistan, Pakistan (7000er) Hindukusch
29%
Hauptstadt der Provinz Nova Scotia in Kanada an der Nordatlantikküste Halifax
27%
bleiben wir in Schottland, Inselgruppe vor der Nordwestküste Hebriden
25%
großes Randmeer des Atlantik im Nordosten Kanadas Hudson Bay
24%
Teilgebirge der Tatra, höchster Teil der Karpaten, in der Slowakei und Polen Hohe Tatra
22%
Honiara
18%
Bucht der Nordsee bei Schleswig-Holstein, Teil der deutschen Bucht Helgoländer Bucht
9%
Zweithöchster Berg Deutschlands im Wettersteingebirge bei Garmisch-Partenkirchen Hochwanner
4%
Keine übereinstimmenden Quizze gefunden
Verteilung der Resultate
Anzahl Personen mit jedem Resultat
Perzentil nach korrekt beantworteten Fragen
Ihre Resultats-Entwicklung
Sie haben dieses Quiz noch nicht gespielt